| 000 | 00675cam a22002294a 4500 | ||
|---|---|---|---|
| 001 | 12803625 | ||
| 005 | 20180123071439.0 | ||
| 008 | 020605s2002 cc a 001 0 eng | ||
| 010 | _a 2002074898 | ||
| 020 | _a0596002106 | ||
| 040 |
_aDLC _cDLC _dDLC |
||
| 041 | _aeng | ||
| 042 | _apcc | ||
| 080 | _a005.133 AND | ||
| 082 | 0 | 0 |
_a005.133 AND _221 |
| 100 | 1 | _a30 | |
| 101 | _aSHK | ||
| 245 | 1 | 0 |
_aPerl for Oracle DBAs / _cAndy Duncan and Jared Still. |
| 906 |
_a7 _bcbc _corignew _d1 _eocip _f20 _gy-gencatlg |
||
| 942 |
_2ddc _cBK |
||
| 999 |
_c40775 _d40775 |
||